00879nam a22002537a 450000500170000001000130001702000230003003500130005303700160006604000120008208200170009410000230011124500570013426000380019127000470022930000200027650000230029665000370031965000580035670000210041494200260043599900190046195201450048020170124110016.0 aA-950228 c350.00a8171770975 aA-950228 bCen Lib/Ret aDPLbEN a346.048bABE aAbell, Mark918665 aFranchising in India /cby Mark Abell [and] Lisa Sen aCalcuttabEastern Law Housec1998 a54 Ganesh Chunder AvenuebCalcuttae700013 a352p.c21cm(Hb) aIncludes index  aFranchises (Retail trade)918666 aFranchises (Retail trade)--Law and legislation918667 aSen, Lisa918668 2ddccENh346.048mABE c126855d126855 00104070aLbLd2015-06-26eCen Lib/Ret g350.00l1m1o346.048 ABEpA-950228r2019-07-28 00:00:00s2019-07-07t1v350.00w2015-06-26yEN